Central Library OPAC University of Rajshahi

Economic zoology / (Record no. 53250)

MARC details
000 -LEADER
fixed length control field 00651nam a2200241 a 4500
001 - CONTROL NUMBER
control field 53250
003 - CONTROL NUMBER IDENTIFIER
rucl marc code BD-RjUL
005 - DATE AND TIME OF LATEST TRANSACTION
control field 20211209075931.0
008 - FIXED-LENGTH DATA ELEMENTS--GENERAL INFORMATION
fixed length control field 161004s2003 ii 000 0 eng
020 ## - INTERNATIONAL STANDARD BOOK NUMBER
International Standard Book Number 8171417132
035 ## - SYSTEM CONTROL NUMBER
System control number (BD-RjUL)53370
System control number (OCoLC)1488916
040 ## - CATALOGING SOURCE
Original cataloging agency DLC
Transcribing agency FMU
Modifying agency DLC
Language of cataloging eng
041 ## - LANGUAGE CODE
Language code of text/sound track or separate title eng
082 ## - DEWEY DECIMAL CLASSIFICATION NUMBER
Edition number 23
Classification number 591.6
Author mark and year YAE 2003
100 1# - MAIN ENTRY--PERSONAL NAME
Personal name Yadav, Manju
Dates associated with a name 1856-1954.
9 (RLIN) 159170
245 10 - TITLE STATEMENT
Title Economic zoology /
Statement of responsibility, etc. Manju Yadav
260 ## - PUBLICATION, DISTRIBUTION, ETC. (IMPRINT)
Place of publication, distribution, etc. New delhi :
Name of publisher, distributor, etc. Discovery Pub.,
Date of publication, distribution, etc. 2003
300 ## - PHYSICAL DESCRIPTION
Pagination xv, 348 p. :
Illustrations ill. ;
Size 19 cm.
650 #0 - SUBJECT ADDED ENTRY--TOPICAL TERM
Topical term or geographic name as entry element Economic Zoology.
9 (RLIN) 159171
942 ## - ADDED ENTRY ELEMENTS (KOHA)
Source of classification or shelving scheme Dewey Decimal Classification
Koha item type Books
Holdings
Lost status Source of classification or shelving scheme Damaged status Not for loan Collection code Permanent Location Current Location Shelving location Date acquired Source of acquisition Cost, normal purchase price Total Checkouts Full call number Date last seen Date checked out Copy number Koha item type
  Dewey Decimal Classification     Non-fiction Central Library, University of Rajshahi Central Library, University of Rajshahi   19/10/2005 Paragon Enterprises Dhaka 100.00 1 591.6 YAE 2003 24/11/2024 20/11/2024 C-2 Books
  Dewey Decimal Classification   Not For Loan Non-fiction Central Library, University of Rajshahi Central Library, University of Rajshahi Reading Room 19/10/2005 Dhaka, Paragon Enterprises Ltd. 700.00   591.6 YAE 2003 13/03/2017   C-1 Books